[Event "AUTO-OPEN-800"]
[Site "http://www.queenalice.com/game.php?id=260188"]
[Date "2007.8.23"]
[Round "1"]
[White "bobx"]
[Black "dante72"]
[Result "0-1"]
[WhiteElo "1748"]
[BlackElo "1859"]

1. e4 e5 2. Nf3 d6 3. d4 f6 4. dxe5 fxe5 5. Bc4 Qe7 6. Ng5 Nh6 7. Qh5+ g6 8. Qf3
Bg4 9. Qb3 b6 10. f3 Bd7 11. Nc3 c6 12. O-O b5 13. Bd3 Bg7 14. f4 Na6 15. fxe5
Nc5 16. Qa3 Bxe5 17. b4 Nxd3 18. cxd3 Rf8 19. Be3 Ng4 20. Rxf8+ Kxf8 21. Qc1 Kg7
22. Ne2 Bxh2+ 23. Kh1 Be5 24. Bd4 Bxd4 25. Nxd4 Nf2+ 26. Kg1 Nxd3 27. Qc3 Ne5
28. Ndf3 h6 29. Nxe5 Qxe5 30. Qxe5+ dxe5 31. Nf3 Kf6 32. Rd1 Ke6 33. Kh2 Rf8 34.
a3 Rf4 35. Re1 g5 36. Re3 g4 37. Ne1 h5 38. Kg1 h4 39. Nd3 Rf8 40. Nc5+ Ke7 41.
Rd3 Be6 42. Rc3 Bc4 43. Rc1 g3 44. Kh1 Rf4 45. Rd1 Be2 46. Re1 Rf1+ 47. Rxf1
Bxf1 48. Kg1 Be2 49. Kh1 Bd1 50. Kg1 Be2 51. Kh1 Kf6 52. Kg1 Kg5 53. Kh1 Kf4 54.
Kg1 Ke3 55. Kh1 Bd3 56. Kg1 Bxe4 57. Nxe4 Kxe4 58. Kf1 Ke3 59. Ke1 e4 60. Kd1
Kf2 0-1

[Event "AUTO-OPEN-800"]
[Site "http://www.queenalice.com/game.php?id=260189"]
[Date "2007.8.23"]
[Round "1"]
[White "dante72"]
[Black "bobx"]
[Result "1-0"]
[WhiteElo "1887"]
[BlackElo "1765"]

1. d4 d5 2. e3 Nc6 3. Bb5 Bd7 4. f4 Nf6 5. Nc3 a6 6. Bd3 g6 7. Nf3 Bg7 8. O-O
O-O 9. Ne2 Nb4 10. Ng3 Nxd3 11. cxd3 Bb5 12. Re1 Nd7 13. a4 Bc6 14. b3 b5 15.
Ne5 Nxe5 16. fxe5 e6 17. a5 f6 18. Ba3 Rf7 19. Bc5 fxe5 20. dxe5 Bxe5 21. d4
Bxg3 22. hxg3 Qg5 23. g4 Re8 24. b4 Bd7 25. e4 Rf4 26. exd5 exd5 27. Rxe8+ Bxe8
28. Qe2 Re4 29. Qf3 Rf4 30. Qe2 Bd7 31. Re1 Rxg4 32. Qe7 Rxg2+ 33. Kh1 Qg3 34.
Qf8# 1-0

[Event "AUTO-OPEN-800"]
[Site "http://www.queenalice.com/game.php?id=260190"]
[Date "2007.8.23"]
[Round "1"]
[White "bobx"]
[Black "jecakoshner"]
[Result "0-1"]
[WhiteElo "1748"]
[BlackElo "1286"]

1. e4 c5 2. Nf3 d6 3. Nc3 Nf6 4. Bc4 e6 5. O-O Be7 6. d4 cxd4 7. Nxd4 e5 8. Nf3
O-O 9. Be3 Bg4 10. Nd5 Nc6 11. h3 Be6 12. Nd2 Rc8 13. Nxf6+ Bxf6 14. Bxe6 fxe6
15. Nc4 d5 16. Nd2 d4 17. Nb3 dxe3 18. fxe3 Nb4 19. c3 Qxd1 20. Rfxd1 Nc2 21.
Rac1 Nxe3 22. Rd3 Nc4 23. Rc2 Bg5 24. Rd7 Rf7 25. Rxf7 Kxf7 26. Rf2+ Kg6 27. g4
Be3 0-1

[Event "AUTO-OPEN-800"]
[Site "http://www.queenalice.com/game.php?id=260191"]
[Date "2007.8.23"]
[Round "1"]
[White "jecakoshner"]
[Black "bobx"]
[Result "0-1"]
[WhiteElo "1354"]
[BlackElo "1723"]

1. e4 e5 2. Nf3 d6 3. d4 Bg4 4. dxe5 Bxf3 5. gxf3 dxe5 6. Qxd8+ Kxd8 7. Be3 Nc6
8. Nc3 Bb4 9. Bd2 Nf6 10. O-O-O Ke7 11. Bg5 Bxc3 12. bxc3 h6 13. Bh4 g5 14. Bg3
Nh5 15. Bh3 Rad8 16. Bg4 Nf6 17. h4 a5 18. Rxd8 Rxd8 19. hxg5 hxg5 20. Bf5 b5
21. Rd1 Rxd1+ 22. Kxd1 Nh5 23. Kd2 f6 24. Bg4 Ng7 25. Bh3 b4 26. Bf1 bxc3+ 27.
Kxc3 Nd4 28. Bg2 Ne8 29. f4 exf4 30. Bxf4 gxf4 31. Kxd4 Ke6 32. Kc5 Ke5 33. Kb5
Kd4 34. Kxa5 Kc3 35. Kb5 Kxc2 36. a4 Kd2 37. a5 Nd6+ 38. Kc6 Nc4 39. a6 Ke2 40.
a7 Nb6 41. Kxc7 Na8+ 42. Kb7 Kxf2 43. Kxa8 Kxg2 0-1

[Event "AUTO-OPEN-800"]
[Site "http://www.queenalice.com/game.php?id=260192"]
[Date "2007.8.23"]
[Round "1"]
[White "bobx"]
[Black "Bergman"]
[Result "0-1"]
[WhiteElo "1735"]
[BlackElo "2557"]

1. e4 f5 2. exf5 Nf6 3. h3 d5 4. g4 h5 5. Bg2 Nc6 6. d4 e6 7. fxe6 hxg4 8. hxg4
Rxh1 9. Bxh1 Bxe6 10. g5 Qd6 11. gxf6 Qh2 12. f7+ Bxf7 13. Qe2+ Be7 14. Qg4 Qxh1
15. Nc3 Nxd4 16. Qxd4 Qxg1+ 17. Ke2 Bh5+ 18. Kd3 Qf1+ 19. Ke3 O-O-O 20. Nxd5
Qe2+ 21. Kf4 Qf3+ 22. Ke5 Bd6+ 23. Ke6 Bf7# 0-1

[Event "AUTO-OPEN-800"]
[Site "http://www.queenalice.com/game.php?id=260193"]
[Date "2007.8.23"]
[Round "1"]
[White "Bergman"]
[Black "bobx"]
[Result "1-0"]
[WhiteElo "2554"]
[BlackElo "1733"]

1. f3 e5 2. Kf2 d5 3. e3 Bc5 4. Ne2 Nc6 5. d4 exd4 6. exd4 Bb6 7. c3 Nf6 8. Ng3
O-O 9. Bd3 Re8 10. Re1 Bd7 11. Be3 Ne7 12. Nd2 Be6 13. a4 a6 14. a5 Ba7 15. Nb3
Rc8 16. Qc2 g6 17. Bg5 Nd7 18. f4 c5 19. f5 c4 20. fxe6 cxd3 21. Qxd3 fxe6 22.
Rxe6 Rf8+ 23. Kg1 Rf7 24. Rae1 1-0

[Event "bom jogo!"]
[Site "http://www.queenalice.com/game.php?id=272124"]
[Date "2007.9.15"]
[Round "-"]
[White "Soncini"]
[Black "bobx"]
[Result "1-0"]
[WhiteElo "2015"]
[BlackElo "1754"]

1. e4 e5 2. f4 exf4 3. Nf3 Nc6 4. d4 Nf6 5. Nc3 Bb4 6. Bd3 Bxc3+ 7. bxc3 O-O 8.
Bxf4 d5 9. e5 Re8 10. O-O Nd7 11. Bg5 f6 12. exf6 Nxf6 13. Qd2 Qd6 14. Bxf6 Qxf6
15. Ng5 Qh6 16. Bxh7+ 1-0

[Event "Challenge"]
[Site "http://www.queenalice.com/game.php?id=278675"]
[Date "2007.9.29"]
[Round "-"]
[White "serginh0w"]
[Black "bobx"]
[Result "1-0"]
[WhiteElo "1705"]
[BlackElo "1740"]

1. e4 e5 2. Nf3 Nc6 3. Bc4 Nf6 4. Ng5 d5 5. exd5 Nxd5 6. Nxf7 Kxf7 7. Qf3+ Ke6
8. Nc3 Ne7 9. d4 c6 10. Bg5 Qd6 11. O-O-O b5 12. dxe5 Qc5 13. Bb3 h6 14. Bxe7
Bxe7 15. Nxd5 Bg5+ 16. Kb1 Bb7 17. Nc7+ Ke7 18. Qf7# 1-0

[Event "AUTO-OPEN-632"]
[Site "http://www.queenalice.com/game.php?id=295592"]
[Date "2007.10.30"]
[Round "2"]
[White "bobx"]
[Black "trunksjackson"]
[Result "1-0"]
[WhiteElo "1675"]
[BlackElo "1874"]

1. e4 c5 2. Nf3 d6 3. Bc4 Nf6 4. Nc3 Nc6 5. O-O g6 6. d4 cxd4 7. Nxd4 Bg7 8.
Nxc6 bxc6 9. Re1 O-O 10. Bg5 Bb7 11. f3 Qb6+ 12. Kh1 Qxb2 13. Qd2 Qb4 14. Rab1
Qxc4 15. Rxb7 Rfe8 16. Reb1 Rad8 17. Kg1 Nd7 18. Ne2 f6 19. Be3 Nc5 20. Rxa7 d5
21. Rb4 Nxe4 22. fxe4 dxe4 23. Qxd8 Qxe2 24. Qxe8+ Bf8 25. Rb1 Qxe3+ 26. Kf1 1-0

[Event "AUTO-OPEN-632"]
[Site "http://www.queenalice.com/game.php?id=295593"]
[Date "2007.10.30"]
[Round "2"]
[White "trunksjackson"]
[Black "bobx"]
[Result "1-0"]
[WhiteElo "1947"]
[BlackElo "1709"]

1. e4 e5 2. Nf3 Nc6 3. Bb5 Nge7 4. d4 exd4 5. Nxd4 Nxd4 6. Qxd4 b6 7. Nc3 Bb7 8.
Bg5 f6 9. Bh4 Ng6 10. Bg3 Bc5 11. Qa4 Ne5 12. Rd1 Bc6 13. Bxc6 Nxc6 14. O-O Ne5
15. Rd2 Bd6 16. Rfd1 O-O 17. Bxe5 fxe5 18. Nb5 Qf6 19. Nxd6 cxd6 20. f3 Qf4 21.
Qb3+ Kh8 22. Rxd6 h6 23. Rxd7 Rfc8 24. Rf7 1-0

[Event "AUTO-OPEN-772"]
[Site "http://www.queenalice.com/game.php?id=323559"]
[Date "2007.12.21"]
[Round "2"]
[White "QuickQuickSlow"]
[Black "bobx"]
[Result "1-0"]
[WhiteElo "2143"]
[BlackElo "1679"]

1. e4 e5 2. Nf3 Nc6 3. Bb5 Nge7 4. O-O g6 5. c3 Bg7 6. d4 exd4 7. cxd4 O-O 8.
Nc3 a6 9. Ba4 b5 10. Bb3 Bb7 11. Bf4 Na5 12. Bc2 Nc4 13. b3 Na5 14. Qd2 d6 15.
Bh6 f5 16. Bxg7 Kxg7 17. Rfe1 fxe4 18. Bxe4 1-0

[Event "AUTO-OPEN-772"]
[Site "http://www.queenalice.com/game.php?id=323560"]
[Date "2007.12.21"]
[Round "2"]
[White "bobx"]
[Black "QuickQuickSlow"]
[Result "0-1"]
[WhiteElo "1677"]
[BlackElo "2144"]

1. e4 c5 2. Nf3 d6 3. d4 cxd4 4. Nxd4 Nf6 5. Nc3 a6 6. Bc4 e6 7. O-O b5 8. Bb3
Be7 9. Re1 O-O 10. Qf3 Qc7 11. e5 Bb7 12. Qg3 dxe5 13. Bh6 Ne8 14. Bxe6 exd4 15.
Bf4 Bd6 16. Bxd6 Qxd6 17. Bxf7+ Kxf7 0-1

[Event "AUTO-OPEN-772"]
[Site "http://www.queenalice.com/game.php?id=323568"]
[Date "2007.12.21"]
[Round "2"]
[White "bobx"]
[Black "ajbsantos"]
[Result "0-1"]
[WhiteElo "1703"]
[BlackElo "1864"]

1. e4 e5 2. Nf3 Nc6 3. d4 exd4 4. Nxd4 Bc5 5. Nxc6 Qf6 6. f3 Qxc6 7. Nc3 Nf6 8.
Bf4 O-O 9. Nd5 Nxd5 10. Qxd5 Qxd5 11. exd5 Re8+ 12. Kd2 d6 13. Bd3 Bd7 14. Rae1
a6 15. a3 h6 16. b4 Bb6 17. h4 a5 18. c3 axb4 19. cxb4 Rxa3 0-1

[Event "AUTO-OPEN-772"]
[Site "http://www.queenalice.com/game.php?id=323573"]
[Date "2007.12.21"]
[Round "2"]
[White "bobx"]
[Black "dante72"]
[Result "0-1"]
[WhiteElo "1693"]
[BlackElo "1906"]

1. e4 e5 2. Nf3 d6 3. Bc4 Be6 4. Bxe6 fxe6 5. O-O Nf6 6. Nc3 Be7 7. d3 Nc6 8.
Be3 O-O 9. h3 a6 10. Ne2 Qe8 11. Qd2 Nd8 12. a3 c5 13. b4 cxb4 14. Qxb4 d5 15.
Bc5 Nc6 16. Qc3 d4 17. Qc4 Bxc5 0-1

[Event "AUTO-OPEN-772"]
[Site "http://www.queenalice.com/game.php?id=323574"]
[Date "2007.12.21"]
[Round "2"]
[White "dante72"]
[Black "bobx"]
[Result "1-0"]
[WhiteElo "1913"]
[BlackElo "1686"]

1. e4 e5 2. Nf3 d6 3. Bc4 Nc6 4. O-O Bg4 5. d3 Nf6 6. Bg5 Nd4 7. Nbd2 Be7 8. c3
Nxf3+ 9. Nxf3 O-O 10. h3 Bh5 11. g4 Bg6 12. Nh4 Kh8 13. f4 exf4 14. Nf5 Bxf5 15.
gxf5 a6 16. Rxf4 b5 17. Bb3 1-0